| 000 | 02136nam0a2200373 4500 | ||
|---|---|---|---|
| 001 | RU\NLR\bibl\90506 | ||
| 005 | 20260405125723.0 | ||
| 010 |
_a5-06-003598-0 _97000 |
||
| 021 |
_aRU _b2000-3571 _9177 |
||
| 035 | _a(NLR Aleph) 000088441 | ||
| 090 |
_a495280 _c495280 |
||
| 100 | _a20000606d1999 |||y0rusy50 ca | ||
| 101 | 0 | _arus | |
| 102 | _aRU | ||
| 105 | _aa j ||||| | ||
| 200 | 1 |
_aОсновы автоматизации машиностроительного производства _eУчеб. для студентов машиностроит. спец. вузов _f[Е.Р. Ковальчук, М.Г. Косов, В.Г. Митрофанов и др.] _gПод ред. чл.-кор. РАН Ю.М. Соломенцева |
|
| 205 | _a2-е изд., испр. | ||
| 210 |
_aМ. _cВысш. школа _d1999 |
||
| 215 |
_a311,[1] с. _cил. _d21 |
||
| 225 | 1 |
_aСерия "Технология, оборудование и автоматизация машиностроительных производств" _fРедкол.: Чл.-кор. РАН Ю.М. Соломенцев (пред.) и др. |
|
| 320 | _aБиблиогр.: с. 309-310 (25 назв.) | ||
| 606 | 0 |
_aМашиностроение _jРуководства, пособия и т.п. для высшей школы _xАвтоматизация _91125353 _3RU\NLR\auth\66126776 |
|
| 606 | 0 |
_aМашиностроение _jУчебные издания для высшей школы _xАвтоматизация _91125353 _3RU\NLR\auth\66126776 |
|
| 686 | _aК5-5-05я73-1 | ||
| 701 | 1 |
_aКовальчук _bЕ. Р. _gЕвгений Ромуальдович _4070 |
|
| 701 | 1 |
_4070 _8rus _7ca _aКосов _bМ. Г. _gМихаил Георгиевич _3RU\NLR\auth\7750991 _933925 |
|
| 701 | 1 |
_4070 _8rus _7ca _aМитрофанов _bВ. Г. _gВладимир Георгиевич _3RU\NLR\auth\7750993 _933927 |
|
| 702 | 1 |
_aСоломенцев _bЮ. М. _4340 |
|
| 801 | 0 |
_aRU _bNLR _c20000606 _gPSBO |
|
| 801 | 1 |
_aRU _bNLR _c20000606 |
|
| 852 |
_aNLR _j2000-3/4201 |
||
| 942 | _cBOOK | ||
| 980 | _aNB | ||